Principales convenios internacionales sobre medio ambiente aprobados por Colombia (Registro nro. 1699)

Detalles MARC
000 -CABECERA
Campo de control 01137nam a2200313 a 4500
005 - FECHA Y HORA DE LA ULTIMA TRANSACCION
Campo de control 20180803164927.0
008 - ELEMENTOS DE LONGITUD FIJA—INFORMACION GENERAL
Campo de control 140120b1998 ck ||||| |||| 00| 0 spa d
041 ## - IDIOMA
Código de idioma para texto/pista de sonido o título separado Español
090 ## - CLASIFICACIÓN LOCAL
Colección IAvH
Consecutivo 00064
100 ## - ASIENTO PRINCIPAL--NOMBRE PERSONAL
Nombre personal Hernández Salgar, Ana María
110 ## - ASIENTO PRINCIPAL--NOMBRE CORPORATIVO
Unidad subordinad Instituto de Investigación de Recursos Biológicos "Alexander von Humboldt". Programa de Política y Legislación
245 ## - MENCION DE TITULO
Título Principales convenios internacionales sobre medio ambiente aprobados por Colombia
260 ## - PUBLICACION, DISTRIBUCION, ETC. (PIE DE IMPRENTA)
Lugar de publicación, distribución, etc. Bogotá
Nombre del editor, distribuidor, etc. Instituto Alexander von Humboldt
Fecha de publicación, distribución, etc. 1998
300 ## - DESCRIPCION FISICA
Extensión 93 p.
650 ## - ASIENTO SECUNDARIO DE MATERIA - TERMINO TEMATICO
Término temático o nombre geográfico como elemento de entrada Convenios internacionales
650 ## - ASIENTO SECUNDARIO DE MATERIA - TERMINO TEMATICO
Término temático o nombre geográfico como elemento de entrada CITES
650 ## - ASIENTO SECUNDARIO DE MATERIA - TERMINO TEMATICO
Término temático o nombre geográfico como elemento de entrada Cambio global
650 ## - ASIENTO SECUNDARIO DE MATERIA - TERMINO TEMATICO
Término temático o nombre geográfico como elemento de entrada Convención RAMSAR
650 ## - ASIENTO SECUNDARIO DE MATERIA - TERMINO TEMATICO
Término temático o nombre geográfico como elemento de entrada Cambio climático
650 ## - ASIENTO SECUNDARIO DE MATERIA - TERMINO TEMATICO
Término temático o nombre geográfico como elemento de entrada CIAT
650 ## - ASIENTO SECUNDARIO DE MATERIA - TERMINO TEMATICO
Término temático o nombre geográfico como elemento de entrada Capa de ozono
650 ## - ASIENTO SECUNDARIO DE MATERIA - TERMINO TEMATICO
Término temático o nombre geográfico como elemento de entrada Convenio Interinstitucional
650 ## - ASIENTO SECUNDARIO DE MATERIA - TERMINO TEMATICO
Término temático o nombre geográfico como elemento de entrada Emisión de gases
650 ## - ASIENTO SECUNDARIO DE MATERIA - TERMINO TEMATICO
Término temático o nombre geográfico como elemento de entrada Fenómeno de El Niño
650 ## - ASIENTO SECUNDARIO DE MATERIA - TERMINO TEMATICO
Término temático o nombre geográfico como elemento de entrada Legislación ambiental internacional
650 ## - ASIENTO SECUNDARIO DE MATERIA - TERMINO TEMATICO
Término temático o nombre geográfico como elemento de entrada Convenio internacional de las maderas tropicales
650 ## - ASIENTO SECUNDARIO DE MATERIA - TERMINO TEMATICO
Término temático o nombre geográfico como elemento de entrada Medio ambiente
942 ## - ELEMENTOS ADICIONALES (KOHA)
Tipo de ítem CD-ROM
Sistema de clasificación Local
Existencias
Withdrawn status Lost status Sistema de Clasificación Damaged status No para préstamo Colección Inventariado Ubicación Permanente Ubicación actual Fecha de adquisición Fuente de Valor Valor Total Checkouts Número topográfico Inventario / Código de Barras Date last seen Ejemplar Price effective from Forma de adquisición Tipo de material
    Local     Humboldt   Bogotá Bogotá 12/05/2003 CID Humboldt     IAvH-00064 014018 04/12/2012 Ej. 1 04/12/2012   Libro
    Dewey Decimal Classification     Humboldt Inventariado 2017 Bogotá Bogotá 18/02/2005 CID Humboldt 30000.00   IAvH-341.026 H55p 017299 04/12/2012 Ej. 2 04/12/2012 Institucional Libro
    Dewey Decimal Classification     Humboldt Inventariado 2017 Bogotá Bogotá 18/02/2005 CID Humboldt 30000.00   IAvH-341.026 H55p 017300 12/07/2013 Ej. 3 04/12/2012 Institucional Libro
    Dewey Decimal Classification     Humboldt Inventariado 2017 Bogotá Bogotá 18/02/2005 CID Humboldt 30000.00   IAvH-341.026 H55p 017301 04/12/2012 Ej. 4 04/12/2012 Institucional Libro
    Dewey Decimal Classification     Humboldt Inventariado 2017 Sala Fabio Quevedo Sala Fabio Quevedo 18/07/2014 CID Humboldt 30000.00   IAvH-341.026 H55p 003981 04/12/2012 Ej. 5 04/12/2012   Libro
    Dewey Decimal Classification     Humboldt Inventariado 2017 Sala Fabio Quevedo Sala Fabio Quevedo 18/07/2014 CID Humboldt 30000.00   IAvH-341.026 H55p 017302 04/12/2012 Ej. 6 04/12/2012   Libro
    Local     Humboldt Inventariado 2017 Villa de Leyva Villa de Leyva 13/02/1998 CID Humboldt 30000.00   IAvH-00064 003980 04/12/2012 Ej. 1 04/12/2012   Libro